000 01308nam0a22003371 4500
001 RU\NLR\A1SV\51428
005 20260406125648.0
035 _a(NLR Aleph) 009733418
090 _a9917915
_c9917915
100 _a20040611d1926 u y0rusy50 ca
101 1 _cfre
_arus
102 _aRU
200 1 _aУглекопы
_e[Роман]
_fЭ.Золя
_gСокр. пер. Е.Л.Овсянниковой
210 _aЛ.
_cПрибой
_d1926
215 _a168 с.
_d21 см
451 0 _1001RU\NLR\A1SV\51432
_12001#$aУглекопы$e[Роман]$fЭмиль Золя$gСокр. пер. Е.П.Летковой$gРис. и обл. В.Н.Конашевича
_1700#1$aЗоля$bЭ.$f1840-1902$gЭмиль$3RU\NLR\AUTH\771440
_99917926
_aЗоля, Э. (1840-1902)
_cМ.
_d1923
_fЭмиль Золя
_nКрас. новь
_o[Роман]
_p178 с.
_tУглекопы
620 _dСанкт-Петербург
700 1 _7ca
_8rus
_aЗоля
_bЭ.
_f1840-1902
_gЭмиль
_9111465
_3RU\NLR\AUTH\771440
702 1 _aОвсянникова
_bЕ.Л.
801 0 _aRU
_bNLR
_c20040611
852 _aNLR
_jЛ 60 В-3/226
852 _aNLR
_j24/9
899 _aРКП
899 _aБАН
899 _aНБ ТГУ
899 _aКирОУНБ
899 _aРГБ
942 _cBOOK
980 _aNB
980 _aA1SV